[Event "2nd Eksjo it"]
[Site "Eksjo SWE"]
[Date "1974.03.09"]
[Round "1"]
[White "Bohm, Hans"]
[Black "Bilek, Istvan"]
[Result "1/2-1/2"]
[WhiteElo "2250"]
[BlackElo "2500"]
[EventDate "1974.03.09"]
[PlyCount "107"]

1. e4 c6 2. d4 d5 3. Nc3 dxe4 4. Nxe4 Nf6 5. Nxf6+ exf6 6. Nf3 Bd6 7. Be2 O-O 8. O-O Qc7 9. Re1 Rd8 10. c3 Nd7 11. Qc2 Nf8 12. Be3 Ng6 13. Rad1 b6 14. h3 Be6 15. Nd2 Qd7 16. Ne4 Bc7 17. Ng3 Re8 18. Bd3 Kh8 19. Nf5 Rad8 20. b3 Bb8 21. Ng3 Ne7 22. Qe2 g6 23. Qf3 Kg7 24. Bf4 Bxf4 25. Qxf4 Nd5 26. Qd2 f5 27. c4 Nf6 28. Bc2 Qd6 29. Qg5 h6 30. Qd2 Bd7 31. Qc3 Rxe1+ 32. Rxe1 Qf4 33. Ne2 Qh4 34. Qg3 Qxg3 35. Nxg3 Be6 36. Rd1 a5 37. f3 Kf8 38. Kf2 Ke7 39. Ne2 a4 40. Ke3 axb3 41. axb3 Ra8 42. Kd3 Nd7 43. Kc3 Nf6 44. Kb2 Kd6 45. h4 Bd7 46. Nf4 Be6 47. Bb1 Nh5 48. Nxh5 gxh5 49. Rd2 f4 50. Be4 Bd7 51. Rd1 Rg8 52. Rd2 Ra8 53. Rd1 Rg8 54. Rd2 1/2-1/2

[Event "2nd Eksjo it"]
[Site "Eksjo SWE"]
[Date "1974.03.09"]
[Round "1"]
[White "Grabczewski, Romuald"]
[Black "Lehmann, Heinz"]
[Result "1-0"]
[WhiteElo "2420"]
[BlackElo "2390"]
[EventDate "1974.03.09"]
[PlyCount "51"]

1. e4 e5 2. Nf3 Nc6 3. Bb5 Nge7 4. O-O g6 5. c3 Bg7 6. d4 exd4 7. cxd4 d5 8. exd5 Nxd5 9. Re1+ Be6 10. Ne5 O-O 11. Nxc6 bxc6 12. Bxc6 Rb8 13. Nc3 Nb4 14. Be4 Bxd4 15. Qe2 Re8 16. Be3 c5 17. Rad1 Nxa2 18. Bc6 Re7 19. Bg5 Qc8 20. Bxe7 Qxc6 21. Ne4 Bd5 22. Rxd4 cxd4 23. Nf6+ Kh8 24. Qe5 Rb5 25. Nxd5+ f6 26. Bxf6+ 1-0

[Event "2nd Eksjo it"]
[Site "Eksjo SWE"]
[Date "1974.03.09"]
[Round "1"]
[White "Kinnmark, Ove"]
[Black "Akvist, Hakan"]
[Result "1-0"]
[WhiteElo "2400"]
[BlackElo "2340"]
[EventDate "1974.03.09"]
[PlyCount "65"]

1. e4 e6 2. d4 d5 3. Nc3 Bb4 4. e5 c5 5. Bd2 cxd4 6. Nb5 Bxd2+ 7. Qxd2 Nc6 8. Nf3 f6 9. Qf4 Qa5+ 10. Kd1 fxe5 11. Nxe5 Nf6 12. Nxc6 bxc6 13. Nc7+ Kd7 14. Nxa8 Bb7 15. b4 Qd8 16. Qxd4 Qxa8 17. Bd3 Qb8 18. f4 Re8 19. Re1 Re7 20. g3 Bc8 21. Kd2 Kd8 22. c3 h6 23. Re2 a5 24. Rb1 Qa7 25. Qxa7 Rxa7 26. b5 c5 27. b6 Re7 28. Rb5 c4 29. Bc2 Rb7 30. Rxa5 Rxb6 31. Ra7 Nd7 32. Kc1 Ke7 33. f5 1-0

[Event "2nd Eksjo it"]
[Site "Eksjo SWE"]
[Date "1974.03.09"]
[Round "1"]
[White "Lundin, Erik"]
[Black "Ek, Hans"]
[Result "1-0"]
[WhiteElo "2375"]
[BlackElo "2350"]
[EventDate "1974.03.09"]
[PlyCount "123"]

1. d4 f5 2. Nf3 Nf6 3. g3 g6 4. Bg2 Bg7 5. c4 O-O 6. Nc3 d6 7. O-O c6 8. b3 Qa5 9. Bd2 Qc7 10. Rc1 e5 11. d5 h6 12. b4 Qf7 13. dxc6 Nxc6 14. b5 Nd8 15. Be3 e4 16. Nd4 Ng4 17. Nd5 Ne6 18. Nb3 g5 19. Bd2 Be5 20. e3 Nf6 21. f4 exf3 22. Bxf3 Kh8 23. Bg2 Ng7 24. Bc3 Bxc3 25. Rxc3 Be6 26. Qd4 Bxd5 27. cxd5 Rfe8 28. Nd2 Re7 29. Nc4 Rd8 30. e4 Qg6 31. exf5 Qf7 32. Qxa7 Nge8 33. Qd4 Nc7 34. a4 Kg8 35. Rd1 Nce8 36. Re3 Rxe3 37. Nxe3 Ng7 38. g4 Re8 39. Nc4 Rd8 40. h3 h5 41. a5 hxg4 42. hxg4 Nge8 43. b6 Qh7 44. Ne3 Ra8 45. Ra1 Qh4 46. a6 Rxa6 47. Rxa6 Qe1+ 48. Nf1 bxa6 49. Qa4 Qb1 50. Qc6 Kf8 51. Bf3 Ke7 52. b7 Nd7 53. Qxa6 Nc5 54. Qe2+ Kd7 55. Qe3 Qxb7 56. Qxg5 Qb2 57. Qe3 Qf6 58. Ng3 Qa1+ 59. Kg2 Nf6 60. Kh3 Qa2 61. Qd4 Ke7 62. g5 1-0

[Event "2nd Eksjo it"]
[Site "Eksjo SWE"]
[Date "1974.03.10"]
[Round "2"]
[White "Akvist, Hakan"]
[Black "Lundin, Erik"]
[Result "1/2-1/2"]
[WhiteElo "2340"]
[BlackElo "2375"]
[EventDate "1974.03.09"]
[PlyCount "68"]

1. e4 e5 2. Nf3 Nc6 3. Bb5 a6 4. Ba4 d6 5. c4 Bg4 6. Nc3 Nf6 7. d3 Be7 8. h3 Bxf3 9. Bxc6+ bxc6 10. Qxf3 O-O 11. O-O Nd7 12. Qg3 Nc5 13. f4 exf4 14. Bxf4 Rb8 15. b3 Bh4 16. Qf3 Bf6 17. Rac1 Bxc3 18. Rxc3 Qf6 19. Rcc1 Qg6 20. Rcd1 Rbe8 21. Qg3 f5 22. exf5 Rxf5 23. Qxg6 hxg6 24. b4 Na4 25. Rd2 Nc3 26. g4 Rxf4 27. Rxf4 Ne2+ 28. Rxe2 Rxe2 29. Re4 Rxa2 30. Re7 c5 31. bxc5 dxc5 32. Rxc7 Rd2 33. Rxc5 Rxd3 34. Kg2 Rc3 1/2-1/2

[Event "2nd Eksjo it"]
[Site "Eksjo SWE"]
[Date "1974.03.10"]
[Round "2"]
[White "Bilek, Istvan"]
[Black "Ek, Hans"]
[Result "1/2-1/2"]
[WhiteElo "2500"]
[BlackElo "2350"]
[EventDate "1974.03.09"]
[PlyCount "50"]

1. c4 Nf6 2. g3 g6 3. Bg2 Bg7 4. Nc3 O-O 5. d3 d6 6. e3 e5 7. Nge2 Nc6 8. h3 a6 9. O-O Be6 10. e4 Rb8 11. Be3 b5 12. b3 Nd7 13. cxb5 axb5 14. d4 exd4 15. Nxd4 Nxd4 16. Bxd4 Nc5 17. Rc1 Bxd4 18. Qxd4 b4 19. Nd5 Bxd5 20. Qxd5 Ra8 21. Rc2 Ra6 22. Rd1 Qa8 23. Rdd2 Qa7 24. h4 Ne6 25. Bh3 Re8 1/2-1/2

[Event "2nd Eksjo it"]
[Site "Eksjo SWE"]
[Date "1974.03.10"]
[Round "2"]
[White "Lehmann, Heinz"]
[Black "Kinnmark, Ove"]
[Result "1/2-1/2"]
[WhiteElo "2390"]
[BlackElo "2400"]
[EventDate "1974.03.09"]
[PlyCount "80"]

1. c4 Nf6 2. Nf3 e6 3. Nc3 d5 4. d4 Bb4 5. Bg5 h6 6. Bxf6 Bxc3+ 7. bxc3 Qxf6 8. e3 Nd7 9. cxd5 exd5 10. c4 dxc4 11. Bxc4 c5 12. Rc1 cxd4 13. Qxd4 O-O 14. O-O Qxd4 15. Nxd4 Nb6 16. Bb3 Bd7 17. Rc7 Rab8 18. Rfc1 Rfc8 19. g4 Kf8 20. Kg2 g6 21. Kg3 Rd8 22. a4 Na8 23. R7c2 Ke7 24. h4 Rbc8 25. a5 Rxc2 26. Rxc2 Rc8 27. Rxc8 Bxc8 28. g5 hxg5 29. hxg5 Nc7 30. Kf4 Ne6+ 31. Bxe6 Bxe6 32. Ke5 Bc4 33. f4 Kd7 34. e4 b6 35. axb6 axb6 36. f5 gxf5 37. exf5 b5 38. Nc2 Kc6 39. Kd4 Kd6 40. Ne3 Ba2 1/2-1/2

[Event "2nd Eksjo it"]
[Site "Eksjo SWE"]
[Date "1974.03.10"]
[Round "2"]
[White "Rantanen, Yrjo"]
[Black "Grabczewski, Romuald"]
[Result "1-0"]
[WhiteElo "2350"]
[BlackElo "2420"]
[EventDate "1974.03.09"]
[PlyCount "57"]

1. e4 e5 2. Nf3 Nc6 3. Bb5 a6 4. Ba4 Nf6 5. O-O Be7 6. Re1 b5 7. Bb3 d6 8. c3 O-O 9. d4 Bg4 10. Be3 exd4 11. cxd4 Na5 12. Bc2 c5 13. dxc5 dxc5 14. Qe2 Qc7 15. Nbd2 Nd7 16. e5 Nc6 17. h3 Be6 18. Bf4 Rfe8 19. a4 Nb4 20. Bb1 Rab8 21. axb5 axb5 22. Ne4 Nf8 23. Bg3 Qb6 24. Nfg5 Bc4 25. Qh5 h6 26. e6 Bxg5 27. Qxf7+ Kh8 28. Nxg5 hxg5 29. Bxb8 1-0

[Event "2nd Eksjo it"]
[Site "Eksjo SWE"]
[Date "1974.03.11"]
[Round "3"]
[White "Ek, Hans"]
[Black "Akvist, Hakan"]
[Result "0-1"]
[WhiteElo "2350"]
[BlackElo "2340"]
[EventDate "1974.03.09"]
[PlyCount "98"]

1. d4 Nf6 2. c4 e6 3. Nc3 Bb4 4. e3 O-O 5. Nge2 d5 6. a3 Be7 7. Nf4 b6 8. cxd5 exd5 9. Be2 Bb7 10. O-O Ne4 11. Qc2 Nxc3 12. Qxc3 Nd7 13. b4 c5 14. bxc5 Nxc5 15. Qc2 Ne4 16. Bd3 Nf6 17. Bd2 Bd6 18. Bb4 Re8 19. Bxd6 Qxd6 20. Rfc1 Rec8 21. Qa4 Kf8 22. Rxc8+ Bxc8 23. Rc1 Bb7 24. Ba6 Bxa6 25. Qxa6 Qd7 26. Nd3 Rb8 27. Ne5 Qb7 28. Qa4 Rc8 29. Rxc8+ Qxc8 30. h3 Qc1+ 31. Kh2 Qc7 32. Qb4+ Ke8 33. Qb5+ Kf8 34. Qb4+ Kg8 35. Qb5 g6 36. f4 Kg7 37. Qb3 Qc1 38. Nf3 Qc4 39. Qb2 Ne4 40. Ne5 Qc3 41. Qb5 Qxe3 42. Nf3 Qxf4+ 43. Kg1 Nf6 44. a4 Qc1+ 45. Kh2 Qc4 46. Ne5 Qxd4 47. Nc6 Qf4+ 48. Kg1 Qe3+ 49. Kh2 d4 0-1

[Event "2nd Eksjo it"]
[Site "Eksjo SWE"]
[Date "1974.03.11"]
[Round "3"]
[White "Grabczewski, Romuald"]
[Black "Bohm, Hans"]
[Result "1-0"]
[WhiteElo "2420"]
[BlackElo "2250"]
[EventDate "1974.03.09"]
[PlyCount "79"]

1. e4 e5 2. Nf3 Nc6 3. Bb5 Nge7 4. c3 a6 5. Ba4 d6 6. d4 Bg4 7. dxe5 dxe5 8. Qxd8+ Kxd8 9. Nbd2 f6 10. Nf1 b5 11. Bc2 Nc8 12. Ne3 Be6 13. Ke2 Bc5 14. Rd1+ Nd6 15. b4 Bxe3 16. Bxe3 Ke7 17. Bc5 Rhd8 18. a4 Na7 19. Nd2 Kf7 20. Nf1 bxa4 21. Bxa7 Rxa7 22. Rxa4 Rda8 23. Rc1 Bc4+ 24. Bd3 Bb5 25. Ra5 Nb7 26. Ra2 c5 27. Ne3 cxb4 28. cxb4 Nd6 29. f3 Rb8 30. Nd5 Rbb7 31. Ke3 Ne8 32. Rca1 Bc6 33. Bxa6 Bxd5 34. Bxb7 Bxa2 35. Bd5+ Ke7 36. Rxa2 Rxa2 37. Bxa2 Kd6 38. Bf7 Nc7 39. Kd3 Kc6 40. Kc4 {Time Time} 1-0

[Event "2nd Eksjo it"]
[Site "Eksjo SWE"]
[Date "1974.03.11"]
[Round "3"]
[White "Kinnmark, Ove"]
[Black "Rantanen, Yrjo"]
[Result "1/2-1/2"]
[WhiteElo "2400"]
[BlackElo "2350"]
[EventDate "1974.03.09"]
[PlyCount "50"]

1. e4 c5 2. Nf3 e6 3. d4 cxd4 4. Nxd4 a6 5. Bd3 Bc5 6. Nb3 Ba7 7. O-O Nc6 8. Qe2 Nge7 9. Be3 Bxe3 10. Qxe3 e5 11. Nc3 O-O 12. Nd5 d6 13. c4 Nxd5 14. exd5 Ne7 15. f4 exf4 16. Rxf4 Ng6 17. Bxg6 hxg6 18. Re1 Bf5 19. Nd4 Re8 20. Qxe8+ Qxe8 21. Rxe8+ Rxe8 22. Nxf5 gxf5 23. Rxf5 Re2 24. Rf2 Re1+ 25. Rf1 Re2 1/2-1/2

[Event "2nd Eksjo it"]
[Site "Eksjo SWE"]
[Date "1974.03.11"]
[Round "3"]
[White "Lundin, Erik"]
[Black "Lehmann, Heinz"]
[Result "1/2-1/2"]
[WhiteElo "2375"]
[BlackElo "2390"]
[EventDate "1974.03.09"]
[PlyCount "83"]

1. e4 c5 2. Nf3 d6 3. d4 cxd4 4. Nxd4 Nf6 5. Nc3 a6 6. Be2 Nbd7 7. O-O b5 8. f4 Bb7 9. Bf3 e6 10. Qe1 Rc8 11. Kh1 Rc4 12. Nf5 Qa8 13. e5 Bxf3 14. Rxf3 dxe5 15. fxe5 Ne4 16. Ne3 Rc8 17. Ng4 Nxc3 18. bxc3 Bc5 19. Bd2 h5 20. Rh3 Qd5 21. a4 Bb6 22. axb5 axb5 23. Rd3 Qb7 24. Nf2 Rc4 25. Be3 Nc5 26. Rd4 Rxd4 27. Bxd4 O-O 28. Qe2 Ra8 29. Rd1 g6 30. Qxb5 Qc7 31. h3 Nd7 32. Rf1 Bxd4 33. cxd4 Rb8 34. Qd3 Rc8 35. Ne4 Qxc2 36. Qxc2 Rxc2 37. Ng5 Rd2 38. Rxf7 Rxd4 39. Re7 Rd1+ 40. Kh2 Nxe5 41. Rxe6 Rd5 42. Kg3 1/2-1/2

[Event "2nd Eksjo it"]
[Site "Eksjo SWE"]
[Date "1974.03.12"]
[Round "4"]
[White "Bilek, Istvan"]
[Black "Akvist, Hakan"]
[Result "1/2-1/2"]
[WhiteElo "2500"]
[BlackElo "2340"]
[EventDate "1974.03.09"]
[PlyCount "30"]

1. Nf3 f5 2. d4 Nf6 3. g3 g6 4. Bg2 Bg7 5. O-O O-O 6. c4 d6 7. Nc3 c6 8. b3 Qa5 9. Bd2 Qc7 10. d5 h6 11. Rc1 e5 12. dxe6 Bxe6 13. Bf4 Ne8 14. c5 Qa5 15. Na4 d5 1/2-1/2

[Event "2nd Eksjo it"]
[Site "Eksjo SWE"]
[Date "1974.03.12"]
[Round "4"]
[White "Bohm, Hans"]
[Black "Kinnmark, Ove"]
[Result "1-0"]
[WhiteElo "2250"]
[BlackElo "2400"]
[EventDate "1974.03.09"]
[PlyCount "95"]

1. e4 e5 2. Nf3 Nc6 3. Bb5 a6 4. Bxc6 dxc6 5. O-O Bg4 6. h3 Bxf3 7. Qxf3 Qd7 8. d3 O-O-O 9. Nd2 f6 10. Nc4 Bd6 11. Qg4 Qxg4 12. hxg4 Ne7 13. Be3 c5 14. a4 Nc6 15. g3 Rd7 16. Kg2 Rhd8 17. g5 Nb4 18. Rac1 Rf8 19. Rh1 g6 20. gxf6 Rxf6 21. Rhf1 b5 22. Na3 c6 23. Rfd1 Bf8 24. Kf1 a5 25. axb5 cxb5 26. Nxb5 Nc6 27. Na3 Rdf7 28. Nc4 Bh6 29. Rd2 Bxe3 30. Nxe3 Nd4 31. Ng4 Nf3 32. Re2 Rb6 33. c3 Rd7 34. Rd1 c4 35. Re3 h5 36. Rxf3 hxg4 37. Rf8+ Kb7 38. d4 Rxb2 39. d5 Rd6 40. Ra1 Ra6 41. Ra4 Rb1+ 42. Kg2 Re1 43. Rxc4 Rb6 44. Rcc8 Rxe4 45. c4 Rd6 46. Rb8+ Ka7 47. c5 Rxd5 48. c6 1-0

[Event "2nd Eksjo it"]
[Site "Eksjo SWE"]
[Date "1974.03.12"]
[Round "4"]
[White "Lehmann, Heinz"]
[Black "Ek, Hans"]
[Result "1/2-1/2"]
[WhiteElo "2390"]
[BlackElo "2350"]
[EventDate "1974.03.09"]
[PlyCount "84"]

1. e4 e6 2. d4 d5 3. Nd2 Be7 4. Ngf3 dxe4 5. Nxe4 Nf6 6. Bd3 Nbd7 7. O-O O-O 8. Qe2 b6 9. Nxf6+ Nxf6 10. Bg5 Bb7 11. Rad1 h6 12. Bc1 Qd5 13. Qe5 Bd6 14. Qxd5 Nxd5 15. Be2 Nf4 16. Bxf4 Bxf4 17. Ne5 Rad8 18. g3 Bxe5 19. dxe5 Be4 20. Rxd8 Rxd8 21. Rd1 Rd5 22. Rxd5 exd5 23. c3 Kf8 24. f4 Ke7 25. Kf2 f6 26. exf6+ gxf6 27. g4 Ke6 28. h4 c5 29. Ke3 Bb1 30. a3 Bc2 31. Bd3 Bd1 32. Bf5+ Kd6 33. h5 Ke7 34. Kf2 Kf7 35. Kg3 Be2 36. Kf2 Bd1 37. Ke3 Ke7 38. b4 Kf7 39. Kd3 Ke7 40. bxc5 bxc5 41. Ke3 Kf7 42. Kf2 Ke7 1/2-1/2

[Event "2nd Eksjo it"]
[Site "Eksjo SWE"]
[Date "1974.03.12"]
[Round "4"]
[White "Rantanen, Yrjo"]
[Black "Lundin, Erik"]
[Result "1/2-1/2"]
[WhiteElo "2350"]
[BlackElo "2375"]
[EventDate "1974.03.09"]
[PlyCount "82"]

1. d4 d5 2. c4 e6 3. Nc3 c5 4. cxd5 exd5 5. Nf3 Nc6 6. g3 c4 7. Bg2 Bb4 8. O-O Nge7 9. Ne1 O-O 10. Nc2 Ba5 11. Be3 Bf5 12. Rc1 b5 13. f3 Rb8 14. Bf2 b4 15. Na4 b3 16. axb3 Rxb3 17. e4 Bg6 18. Qe2 Re8 19. Rfd1 Qb8 20. Ne3 Rb4 21. Ra1 Bb6 22. Nc2 Rb3 23. Be1 Nf5 24. Bc3 Nd6 25. Ne3 dxe4 26. Nxb6 axb6 27. Nxc4 exf3 28. Qxf3 Ne4 29. Re1 f5 30. Qf4 Qxf4 31. gxf4 Rd8 32. Nd2 Rb5 33. Nxe4 fxe4 34. Bxe4 Nxd4 35. Ra7 Bxe4 36. Rxe4 Rbd5 37. Ree7 Nf5 38. Reb7 R5d6 39. Rxg7+ Nxg7 40. Rxg7+ Kf8 41. Rxh7 R8d7 1/2-1/2

[Event "2nd Eksjo it"]
[Site "Eksjo SWE"]
[Date "1974.03.13"]
[Round "5"]
[White "Akvist, Hakan"]
[Black "Lehmann, Heinz"]
[Result "0-1"]
[WhiteElo "2340"]
[BlackElo "2390"]
[EventDate "1974.03.09"]
[PlyCount "72"]

1. e4 c5 2. Nf3 d6 3. Bb5+ Nd7 4. a4 a6 5. Bc4 Ngf6 6. Nc3 e6 7. d3 Be7 8. O-O b6 9. Bf4 Bb7 10. Re1 O-O 11. e5 dxe5 12. Nxe5 Nxe5 13. Bxe5 Bd6 14. d4 cxd4 15. Qxd4 Bxe5 16. Qxe5 Qe7 17. Bd3 Rac8 18. Qe2 Qb4 19. Ra3 Rfd8 20. Rb3 Qa5 21. Qe3 Nd7 22. Qh3 h6 23. Bf1 Nc5 24. Ra3 Qb4 25. Raa1 Rd2 26. Re2 Rxe2 27. Bxe2 Qxb2 28. Rb1 Qxc2 29. Rxb6 Nxa4 30. Rxb7 Nxc3 31. Bf1 Ne2+ 32. Bxe2 Qxe2 33. Rb1 Qb2 34. Rd1 a5 35. Qd3 a4 36. h3 a3 0-1

[Event "2nd Eksjo it"]
[Site "Eksjo SWE"]
[Date "1974.03.13"]
[Round "5"]
[White "Ek, Hans"]
[Black "Rantanen, Yrjo"]
[Result "1/2-1/2"]
[WhiteElo "2350"]
[BlackElo "2350"]
[EventDate "1974.03.09"]
[PlyCount "122"]

1. d4 Nf6 2. c4 g6 3. Nc3 d5 4. Bg5 Ne4 5. Bh4 c5 6. cxd5 Nxc3 7. bxc3 Qxd5 8. e3 Nc6 9. Qf3 Qxf3 10. Nxf3 Be6 11. Bb5 Bd5 12. O-O h5 13. Ne5 cxd4 14. c4 Be4 15. exd4 f6 16. Nxc6 bxc6 17. Ba4 O-O-O 18. f3 Bd3 19. Rfd1 Rxd4 20. Bf2 Rd7 21. Bxc6 Rc7 22. Rxd3 Rxc6 23. Bxa7 Rxc4 24. a4 e5 25. a5 Kb7 26. Rd7+ Ka8 27. Bb6 Bb4 28. Rad1 Rhc8 29. Rf7 f5 30. Rg7 R4c6 31. h4 Bd6 32. Kf1 Bb8 33. Rd2 e4 34. fxe4 fxe4 35. Ke2 Rf6 36. Rd8 Rxd8 37. Bxd8 Rd6 38. Bg5 Re6 39. Ke3 Ba7+ 40. Ke2 Bd4 41. Rd7 Bc3 42. Rd5 Kb7 43. Rc5 Be5 44. Rc4 Bc7 45. Rb4+ Ka6 46. Ke3 Kxa5 47. Rxe4 Rc6 48. Bf4 Kb6 49. Bxc7+ Kxc7 50. Kf4 Kd7 51. Kg5 Rc2 52. Kxg6 Rxg2+ 53. Kxh5 Rg1 54. Kh6 Rg2 55. h5 Rg1 56. Kh7 Rg2 57. h6 Rg1 58. Ra4 Ke7 59. Ra7+ Kf8 60. Rg7 Rf1 61. Rg4 Kf7 1/2-1/2

[Event "2nd Eksjo it"]
[Site "Eksjo SWE"]
[Date "1974.03.13"]
[Round "5"]
[White "Grabczewski, Romuald"]
[Black "Bilek, Istvan"]
[Result "1/2-1/2"]
[WhiteElo "2420"]
[BlackElo "2500"]
[EventDate "1974.03.09"]
[PlyCount "24"]

1. e4 e5 2. Nf3 Nc6 3. d4 exd4 4. Nxd4 Nf6 5. Nc3 Bb4 6. Nxc6 bxc6 7. Bd3 d5 8. exd5 Qe7+ 9. Qe2 Nxd5 10. Bd2 Nxc3 11. bxc3 Qxe2+ 12. Kxe2 Bd6 1/2-1/2

[Event "2nd Eksjo it"]
[Site "Eksjo SWE"]
[Date "1974.03.13"]
[Round "5"]
[White "Lundin, Erik"]
[Black "Bohm, Hans"]
[Result "0-1"]
[WhiteElo "2375"]
[BlackElo "2250"]
[EventDate "1974.03.09"]
[PlyCount "162"]

1. e4 Nf6 2. e5 Nd5 3. Nc3 Nxc3 4. dxc3 Nc6 5. Nf3 d5 6. Bf4 Bg4 7. h3 Bh5 8. Be2 e6 9. O-O Be7 10. Nd4 Bxe2 11. Qxe2 Qd7 12. Bg3 Nxd4 13. cxd4 c5 14. dxc5 Bxc5 15. Rfd1 Qc6 16. Kh1 O-O 17. Bh4 Qa4 18. Bg5 Rfc8 19. c3 h6 20. Bd2 Be7 21. Be1 a6 22. f3 Qb5 23. Qxb5 axb5 24. a3 Kf8 25. Bf2 Ke8 26. Kg1 Rc4 27. Kf1 Kd7 28. Ke2 Kc6 29. Bd4 Rca4 30. Rac1 Kd7 31. Rd3 h5 32. Rf1 Rh8 33. f4 f5 34. Rff3 Rh7 35. Rf1 Ra8 36. Be3 Ra4 37. Rd4 Rh8 38. Kf3 g6 39. g3 Kc6 40. Rfd1 Rha8 41. h4 Bc5 42. R4d3 Re4 43. Bxc5 Kxc5 44. Rd4 Ra4 45. b4+ Kb6 46. Ra1 Ra8 47. Rd3 Rc8 48. a4 Rec4 49. a5+ Ka7 50. Ra3 Re4 51. Kf2 Ka6 52. Rb3 Rcc4 53. Rb2 Rc6 54. Rb3 Ka7 55. Ra3 Kb8 56. Rb3 Ra6 57. Rd2 Kc7 58. Ra3 Kc6 59. Rd4 b6 60. Rxe4 dxe4 61. Ke3 bxa5 62. bxa5 Kc5 63. Ra1 Kc4 64. Kd2 Kb3 65. Rb1+ Kc4 66. Ra1 Ra7 67. a6 Kc5 68. Ra2 Kb6 69. Rb2 Kxa6 70. c4 bxc4 71. Kc3 Rb7 72. Ra2+ Kb5 73. Rb2+ Kc6 74. Ra2 Kc5 75. Ra6 Rb3+ 76. Kc2 e3 77. Rxe6 Rb2+ 78. Kd1 Rd2+ 79. Ke1 c3 80. Re8 c2 81. Rc8+ Kd5 0-1

[Event "2nd Eksjo it"]
[Site "Eksjo SWE"]
[Date "1974.03.14"]
[Round "6"]
[White "Bilek, Istvan"]
[Black "Lehmann, Heinz"]
[Result "1/2-1/2"]
[WhiteElo "2500"]
[BlackElo "2390"]
[EventDate "1974.03.09"]
[PlyCount "25"]

1. Nf3 g6 2. e4 Bg7 3. d4 d6 4. Nc3 Nf6 5. h3 O-O 6. Be3 c6 7. Be2 b5 8. e5 Nfd7 9. Bf4 dxe5 10. dxe5 Nc5 11. O-O Qxd1 12. Rfxd1 Nbd7 13. Bf1 1/2-1/2

[Event "2nd Eksjo it"]
[Site "Eksjo SWE"]
[Date "1974.03.14"]
[Round "6"]
[White "Bohm, Hans"]
[Black "Ek, Hans"]
[Result "0-1"]
[WhiteElo "2250"]
[BlackElo "2350"]
[EventDate "1974.03.09"]
[PlyCount "150"]

1. e4 e5 2. Nf3 Nf6 3. Nc3 Nc6 4. Bb5 Nd4 5. Bc4 Bc5 6. d3 Qe7 7. O-O d6 8. Nxd4 Bxd4 9. Nd5 Nxd5 10. Bxd5 c6 11. Bb3 Be6 12. c3 Bb6 13. Be3 O-O 14. Bxb6 axb6 15. f4 exf4 16. Rxf4 Qg5 17. g3 Qb5 18. Bxe6 fxe6 19. Qe2 Rxf4 20. gxf4 Rf8 21. Rf1 d5 22. e5 Rf5 23. a3 Qc5+ 24. d4 Qf8 25. Qg4 Kh8 26. h4 Qf7 27. Kg2 Kg8 28. Kf3 Kf8 29. Ke3 g6 30. Rg1 c5 31. Qf3 Rh5 32. Qh3 Rf5 33. Qh2 h6 34. Qg3 Kg7 35. Qg4 Kh7 36. Rg2 Qe8 37. Rg1 Rf8 38. Rg2 Qf7 39. Rg1 Rc8 40. Rd1 Rg8 41. Rg1 cxd4+ 42. Kxd4 Qc7 43. Qg2 Qe7 44. Qg3 Qc5+ 45. Kd3 Qc4+ 46. Kd2 d4 47. cxd4 Qxd4+ 48. Kc1 Qe4 49. Qc3 Qxf4+ 50. Kb1 Rg7 51. Ka1 Qxh4 52. Rd1 Qe4 53. Rd6 Rf7 54. Ka2 h5 55. Rd8 h4 56. Qc8 Qxe5 57. Qc4 g5 58. Qg4 Kh6 59. Qg2 Kh5 60. Ka1 g4 61. Qg1 Qf6 62. Rd1 Qf2 63. Qh1 Rf3 64. Rc1 g3 65. Qd1 g2 66. Qd8 Qf1 67. Rd1 Rf8 68. Qd7 Rf7 69. Qd4 Qf3 70. Re1 Rf6 71. Re5+ Rf5 72. Rxe6 Qf1+ 73. Ka2 g1=Q 74. Qh8+ Kg4 75. Re4+ Kf3 0-1

[Event "2nd Eksjo it"]
[Site "Eksjo SWE"]
[Date "1974.03.14"]
[Round "6"]
[White "Grabczewski, Romuald"]
[Black "Kinnmark, Ove"]
[Result "1/2-1/2"]
[WhiteElo "2420"]
[BlackElo "2400"]
[EventDate "1974.03.09"]
[PlyCount "44"]

1. e4 e5 2. Nf3 Nc6 3. Bb5 a6 4. Ba4 d6 5. O-O Bd7 6. d4 Nge7 7. c3 Ng6 8. Re1 Be7 9. Nbd2 h6 10. Nf1 Bg5 11. Ne3 Bxe3 12. Bxe3 O-O 13. Bc2 Qe7 14. h3 Rad8 15. Qd2 Qf6 16. Nh2 Qh4 17. Rad1 Bc8 18. dxe5 dxe5 19. Qe2 Be6 20. a3 Na5 21. Rxd8 Rxd8 22. Rd1 Qe7 1/2-1/2

[Event "2nd Eksjo it"]
[Site "Eksjo SWE"]
[Date "1974.03.14"]
[Round "6"]
[White "Rantanen, Yrjo"]
[Black "Akvist, Hakan"]
[Result "1-0"]
[WhiteElo "2350"]
[BlackElo "2340"]
[EventDate "1974.03.09"]
[PlyCount "57"]

1. d4 Nf6 2. c4 e6 3. Nf3 Bb4+ 4. Nbd2 b6 5. a3 Bxd2+ 6. Nxd2 Bb7 7. b4 O-O 8. Qc2 d6 9. Bb2 Nbd7 10. e3 Qe7 11. f3 e5 12. d5 a5 13. Bd3 axb4 14. axb4 Rxa1+ 15. Bxa1 Ra8 16. O-O c5 17. Bc3 b5 18. e4 cxb4 19. Bxb4 Rc8 20. Ra1 Nb6 21. Qb3 bxc4 22. Bxc4 Qc7 23. Bb5 Nbxd5 24. Ba3 Qb6+ 25. Kh1 Nf4 26. Nc4 Qf2 27. Qb2 Qxb2 28. Bxb2 Bc6 29. Bxc6 1-0

[Event "2nd Eksjo it"]
[Site "Eksjo SWE"]
[Date "1974.03.15"]
[Round "7"]
[White "Akvist, Hakan"]
[Black "Bohm, Hans"]
[Result "0-1"]
[WhiteElo "2340"]
[BlackElo "2250"]
[EventDate "1974.03.09"]
[PlyCount "62"]

1. e4 g6 2. d4 d6 3. c4 Bg7 4. Nc3 Nc6 5. Be3 e5 6. Nge2 Nh6 7. f3 f5 8. Qd2 Nf7 9. d5 Ne7 10. Nc1 c5 11. a3 O-O 12. b4 b6 13. Be2 h5 14. Nd3 Kh7 15. g4 fxg4 16. fxg4 Bxg4 17. Bxg4 hxg4 18. h3 g3 19. Qg2 Nh6 20. Qxg3 Nef5 21. exf5 Nxf5 22. Qg1 Qh4+ 23. Ke2 Qxc4 24. Qg4 Qxc3 25. Rhg1 Rf6 26. Rac1 Nd4+ 27. Bxd4 Qxd4 28. Qxd4 exd4 29. Rcf1 c4 30. Nf4 Raf8 31. Ne6 d3+ 0-1

[Event "2nd Eksjo it"]
[Site "Eksjo SWE"]
[Date "1974.03.15"]
[Round "7"]
[White "Kinnmark, Ove"]
[Black "Bilek, Istvan"]
[Result "1/2-1/2"]
[WhiteElo "2400"]
[BlackElo "2500"]
[EventDate "1974.03.09"]
[PlyCount "28"]

1. e4 c6 2. d4 d5 3. exd5 cxd5 4. Bd3 g6 5. c3 Bg7 6. Nf3 Nh6 7. O-O O-O 8. Re1 Nc6 9. Qb3 a6 10. Nbd2 Nf5 11. Nf1 Na5 12. Qc2 Re8 13. h3 Nd6 14. Ng3 Bd7 1/2-1/2

[Event "2nd Eksjo it"]
[Site "Eksjo SWE"]
[Date "1974.03.15"]
[Round "7"]
[White "Lehmann, Heinz"]
[Black "Rantanen, Yrjo"]
[Result "1/2-1/2"]
[WhiteElo "2390"]
[BlackElo "2350"]
[EventDate "1974.03.09"]
[PlyCount "46"]

1. d4 Nf6 2. c4 e6 3. Nf3 d5 4. Nc3 Be7 5. Bg5 O-O 6. e3 h6 7. Bh4 b6 8. Bd3 Bb7 9. O-O Nbd7 10. Qe2 c5 11. Rad1 cxd4 12. exd4 Rc8 13. Ne5 dxc4 14. Bxc4 Nd5 15. Bxd5 Bxd5 16. Bxe7 Qxe7 17. Ng6 fxg6 18. Nxd5 Qd6 19. Nc3 Rf5 20. Rfe1 Nf8 21. Qa6 Qd7 22. d5 exd5 23. Nxd5 Re8 1/2-1/2

[Event "2nd Eksjo it"]
[Site "Eksjo SWE"]
[Date "1974.03.15"]
[Round "7"]
[White "Lundin, Erik"]
[Black "Grabczewski, Romuald"]
[Result "0-1"]
[WhiteElo "2375"]
[BlackElo "2420"]
[EventDate "1974.03.09"]
[PlyCount "80"]

1. d4 Nf6 2. c4 e6 3. Nf3 c5 4. d5 exd5 5. cxd5 d6 6. Nc3 g6 7. e4 Bg7 8. Bb5+ Bd7 9. Bxd7+ Nbxd7 10. O-O O-O 11. Bf4 Qe7 12. Re1 Ng4 13. Bg3 c4 14. Re2 a6 15. a4 Rac8 16. Ne1 Nc5 17. f4 Nb3 18. Ra3 Qc7 19. Nc2 b5 20. axb5 axb5 21. Kh1 Qc5 22. e5 dxe5 23. Ne4 Qb6 24. fxe5 Nxe5 25. Bf2 Qd8 26. Nb4 f5 27. Nc3 Qd6 28. Rxb3 cxb3 29. Qxb3 Ng4 30. Bg1 Bxc3 31. bxc3 Rfe8 32. Re6 Rxe6 33. dxe6 Rc4 34. Nc2 Qd1 35. h3 Nf2+ 36. Kh2 Qd6+ 37. g3 Ne4 38. Bf2 Nxf2 39. Qxb5 Rc8 40. Nd4 Ne4 0-1

[Event "2nd Eksjo it"]
[Site "Eksjo SWE"]
[Date "1974.03.16"]
[Round "8"]
[White "Bilek, Istvan"]
[Black "Rantanen, Yrjo"]
[Result "1-0"]
[WhiteElo "2500"]
[BlackElo "2350"]
[EventDate "1974.03.09"]
[PlyCount "83"]

1. Nf3 d5 2. g3 c5 3. c4 Nf6 4. Bg2 Nc6 5. O-O e5 6. d3 Be7 7. Bg5 Be6 8. Bxf6 Bxf6 9. cxd5 Bxd5 10. Nc3 Be6 11. Nd2 Rc8 12. Nc4 O-O 13. Qa4 Qd7 14. Ne3 Bg5 15. Kh1 Bxe3 16. fxe3 Bh3 17. Bxh3 Qxh3 18. Qe4 Qe6 19. Rf5 g6 20. Rf2 Rcd8 21. Raf1 f5 22. Qh4 Ne7 23. e4 Qf6 24. Qh6 Qc6 25. b3 Rf7 26. Kg1 Rdf8 27. Qg5 Kh8 28. exf5 gxf5 29. Qe3 Ng6 30. Ne4 b6 31. Qh6 Qd7 32. Ng5 Rf6 33. Qh5 Qg7 34. Qh3 Ne7 35. Nf3 Rh6 36. Nh4 Ng6 37. Rxf5 Rxf5 38. Qxf5 Qe7 39. Nxg6+ Rxg6 40. Qf8+ Qxf8 41. Rxf8+ Kg7 42. Ra8 1-0